01580cam a22003131 45000010008000000030006000080050017000140080041000310100017000720350019000890400023001080500020001310820010001512450398001612500016005592600053005753000054006285000089006826300032007717000058008037000045008617000026009067000019009327400035009519060045009869420031010319990015010629520189010778372708AUA.120250929172253.0780810s1936 nyuab d 000 0 eng  a 51051557  a(OCoLC)4124723 aDLCcDLCdDLCdJTL00aBS440b.J3 1936 a220.300aFunk and Wagnalls new Standard Bible dictionary :bdesigned as a comprehensive help to the study of the Scriptures, their languages, literary problems, history, biography, manners and customs, and their religious teachings /cedited by Melancthon W. Jacobus, Elbert C. Lane, and Andrew C. Zenos, with the assistance of Elmer J. Cook, in association with American, British, and German scholars. a3d rev. ed. a New York :bFunk and Wagnalls Company,c[c1936] axxii, 965 p. :billus., maps (part col.),c26 cm. aPublished in 1936 by Funk and Wagnalls under title: A new Standard Bible dictionary.00aBiblevDictionaries.9180431 aJacobus, Melancthon Williams,d1855-1937,eed.9180441 aLane, Elbert Clarence,d1870-ejoint ed.1 aZenos, Andrew C.eed.1 aCook, Elmer J.0 aNew Standard Bible dictionary. a7bcbccoclcrplduencipf19gy-gencatlg 2lcccREFhBS 440i.J3 1936 c5202d5202 00102lcc40708REFaAUA.1bAUA.1cREFd2011-12-20eDonation, Biblical Research Instituteg25.00hAUA005990l0oBS 440 .J3 1936pAUA005990r2011-12-20 00:00:00v25.00w2011-12-20yREF